000 00272nam a22001217a 4500
008 170505b xxu||||| |||| 00| 0 eng d
041 _aeng
080 _a34
100 _a15
101 _aSHJ
245 _aTHE FUNCTIONS OF THE EXECUTIVE
_cBARNARD, CH.I
942 _2udc
_cBK
999 _c12765
_d12765